| 000 | | | 04144nmc2a2200000 x 450 |
| 001 | | | 19bca8ad-d4a8-4702-9f96-1ffca7e26595 |
| 005 | | | 20151215152523.0 |
| 100 | ## | $a | 20150826l18531853k l0rusy0189 ca |
| 101 | 0# | $a | rus |
| 102 | ## | $a | RU |
| 200 | 1# | $a | Предписание попечителям учебных округов доставлять в Министерство народного просвещения документы выпускаемых из университетов лекарей только на русском языке |
| | $j | 30 декабря 1853 г. |
| 251 | ## | $c | Дело |
| 300 | ## | $a | Дело |
| 300 | ## | $a | Ориг. заголовок дела: Дело по циркулярному предложению о доставлении в Министерство документов выпускаемых на службу лекарей, писаниях не на русском языке, с засвидетельствованным переводом их. 30 декабря 1853 г |
| 801 | #0 | $a | RU |
| | $b | РГИА |
| | $c | 20150826 |
| | $g | RCR |
| 801 | #1 | $a | RU |
| | $b | ГлавНИВЦ |
| | $c | 20150826 |
| | $2 | rusmarc |
| 801 | #2 | $a | RU |
| | $b | ПБ им. Б.Н. Ельцина |
| | $c | 20151215 |
| | $g | RCR |
| | $2 | rusmarc |
| 850 | ## | $a | РГИА |
| 852 | ## | $a | РГИА |
| | $e | Федеральное казенное учреждение "Российский государственный исторический архив" (РГИА) |
| | $j | 576 |
| 937 | ## | $h | РГИА |
| | $d | 12087866 |
| | $a | ASBIBLIO_SCAN |
| 462 | #0 | $1 | 00110dcdccd-ec79-4ee8-a204-b9d031b41c04 |
| | $1 | 2001 |
| | $a | Медицинские дела Департамента народного просвещения |
| | $1 | 251 |
| | $c | Опись |
| | $1 | 852 |
| | $j | 99 |
| 461 | #0 | $1 | 001a74412a3-3cc5-4d21-8f0a-dfe2fbd9e72d |
| | $1 | 2001 |
| | $a | Департамент народного просвещения Министерства народного просвещения |
| | $1 | 251 |
| | $c | Фонд |
| | $1 | 852 |
| | $j | 733 |
| 215 | ## | $a | 4 л. |
| | $d | 36,5х26 см |
| 371 | ## | $a | Документ не является опубликованным и широко распространяемым |
| 105 | ## | $a | y### |
| 122 | 0# | $a | d |
| 517 | 1# | $a | Дело по циркулярному предложению о доставлении в Министерство документов выпускаемых на службу лекарей, писаниях не на русском языке, с засвидетельствованным переводом их. 30 декабря 1853 г |
| 035 | ## | $a | 19bca8ad-d4a8-4702-9f96-1ffca7e26595 |